Springing tiger: A study of Subhas Chandra Bose (Record no. 1336675)

MARC details
000 -LEADER
fixed length control field 00517nam a2200181Ia 4500
005 - DATE AND TIME OF LATEST TRANSACTION
control field 20250508152457.0
008 - FIXED-LENGTH DATA ELEMENTS--GENERAL INFORMATION
fixed length control field 008 250505s9999 xx 000 0 eng d
037 ## - SOURCE OF ACQUISITION
Stock number Textual
040 ## - CATALOGING SOURCE
Original cataloging agency FEDL
Language of cataloging eng
Transcribing agency FEDL
041 ## - LANGUAGE CODE
Language code of text/sound track or separate title eng
Source of code eng
084 ## - COLON CLASSIFICATION NUMBER
Classification number 920, TOY
Assigning agency FEDL
100 ## - MAIN ENTRY--PERSONAL NAME
Personal name Toye Hugh
245 #0 - TITLE STATEMENT
Title Springing tiger: A study of Subhas Chandra Bose
260 ## - PUBLICATION, DISTRIBUTION, ETC.
Place of publication, distribution, etc. Bombay, India
Name of publisher, distributor, etc. Allied Publishers Private Limited
Date of publication, distribution, etc. 1959
300 ## - PHYSICAL DESCRIPTION
Extent xx,238p.
942 ## - ADDED ENTRY ELEMENTS (KOHA)
Koha item type Textual
Classification part 920, TOY
Holdings
Withdrawn status Lost status Damaged status Not for loan Home library Current library Date acquired Total Checkouts Full call number Barcode Date last seen Price effective from Koha item type
        Department of Education Library Department of Education Library 2025-05-08   920, TOY EL0018684 2025-05-08 2025-05-08 Textual
Copyright @ Delhi University Library System